Wszystkie stolice świata - Statystyki

Ogólne statystyki
  • Ten quiz został rozwiązany 804 razy
  • Średni wynik to 103 z 194
Statystyki odpowiedzi
Państwo Stolica % Poprawnych
Andora Andora
95%
Albania Tirana
94%
Belgia Bruksela
93%
Argentyna Buenos Aires
92%
Austria Wiedeń
92%
Białoruś Mińsk
91%
Dania Kopenhaga
90%
Czechy Praga
90%
Algieria Algier
89%
Chiny Pekin
89%
Bośnia i Hercegowina Sarajewo
89%
Bułgaria Sofia
89%
Chorwacja Zagrzeb
89%
Brazylia Brasilia
88%
Egipt Kair
88%
Australia Canberra
86%
Afganistan Kabul
85%
Francja Paryż
85%
Azerbejdżan Baku
84%
Cypr Nikozja
84%
Grecja Ateny
83%
Finlandia Helsinki
83%
Czarnogóra Podgorica
82%
Chile Santiago
82%
Armenia Erywań
81%
Arabia Saudyjska Rijad
81%
Boliwia La Paz, Sucre
79%
Hiszpania Madryt
78%
Holandia Amsterdam, Haga
77%
Indie Nowe Delhi
73%
Ekwador Quito
73%
Bangladesz Dhaka
72%
Gruzja Tbilisi
72%
Filipiny Manila
71%
Japonia Tokio
70%
Indonezja Dżakarta
69%
Islandia Reykjavik
69%
Dżibuti Dżibuti
68%
Iran Teheran
68%
Gwatemala Gwatemala
67%
Izrael Jerozolima
66%
Dominikana Santo Domingo
65%
Rosja Moskwa
64%
Kanada Ottawa
64%
Łotwa Ryga
64%
Polska Warszawa
64%
Etiopia Addis Abeba
63%
Irak Bagdad
63%
Niemcy Berlin
63%
DRK Kinszasa
63%
Portugalia Lizbona
63%
Angola Luanda
63%
Luksemburg Luksemburg
63%
Meksyk Meksyk
63%
Norwegia Oslo
63%
Litwa Wilno
63%
Rumunia Bukareszt
62%
Monako Monako
62%
Ukraina Kijów
61%
Wielka Brytania Londyn
61%
Włochy Rzym
61%
San Marino San Marino
61%
Korea Płd. Seul
61%
Szwecja Sztokholm
61%
USA Waszyngton
61%
Szwajcaria Berno
60%
Słowacja Bratysława
60%
Węgry Budapeszt
60%
Watykan Watykan
60%
Turcja Ankara
59%
Singapur Singapur
59%
Liechtenstein Vaduz
59%
Serbia Belgrad
58%
Mołdawia Kiszyniów
58%
Bahrajn Manama
58%
Kazachstan Nur-Sułtan
58%
Estonia Talinn
58%
Bhutan Thimphu
58%
Kolumbia Bogota
57%
Słowenia Lublana
57%
Bahamy Nassau
57%
Czad Ndżamena
57%
Korea Płn. Pjongjang
57%
Maroko Rabat
57%
Macedonia Płn. Skopje
57%
Mongolia Ułan Bator
57%
Malta Valetta
57%
Kuba Hawana
56%
Peru Lima
56%
Ghana Akra
55%
Belize Belmopan
55%
Botswana Gaborone
55%
Jamajka Kingston
55%
Kenia Nairobi
55%
Syria Damaszek
54%
Panama Panama
54%
Tunezja Tunis
54%
Nowa Zelandia Wellington
54%
Brunei Bandar Seri Begawan
53%
Tajlandia Bangkok
53%
Kuwejt Kuwejt
53%
Madagaskar Antananarywa
52%
Urugwaj Montevideo
52%
Burkina Faso Wagadugu
52%
Erytrea Asmara
50%
Wietnam Hanoi
50%
Malezja Kuala Lumpur
50%
Malediwy Male
50%
Benin Porto-Novo
50%
Jemen Sana
50%
ZEA Abu Zabi
49%
Barbados Bridgetown
49%
Wenezuela Caracas
49%
Senegal Dakar
49%
Liban Bejrut
48%
Gujana Georgetown
48%
Haiti Port-au-Prince
48%
RPA Pretoria
48%
Libia Trypolis
48%
Antigua i Barbuda Saint John's
47%
Fidżi Suva
47%
Katar Doha
46%
Nepal Katmandu
46%
Gabon Libreville
46%
Eswatini Mbabane
46%
Honduras Tegucigalpa
46%
Kirgistan Biszkek
45%
Burundi Gitega
45%
Dominika Roseau
45%
Gambia Bandżul
44%
Gwinea Konakry
44%
Kambodża Phnom Penh
44%
Laos Wientian
44%
Sudan Chartum
43%
Salwador San Salvador
43%
Nigeria Abudża
41%
Paragwaj Asuncion
41%
Oman Maskat
41%
Kostaryka San Jose
41%
Sri Lanka Sri Dżajawardanapura Kotte
40%
Kongo Brazzaville
38%
Timor Wschodni Dili
38%
Somalia Mogadiszu
38%
Tadżykistan Duszanbe
37%
Gwinea Równikowa Malabo
37%
Nikaragua Managua
37%
Niger Niamey
37%
Uzbekistan Taszkent
37%
Seszele Victoria
37%
Tanzania Dodoma
36%
Sierra Leone Freetown
36%
Mjanma Naypyidaw
36%
Grenada Saint George's
36%
Turkmenistan Aszchabad
35%
Uganda Kampala
35%
Surinam Paramaribo
35%
Namibia Windhuk
35%
Mali Bamako
34%
Sudan Płd. Dżuba
34%
Rwanda Kigali
34%
Liberia Monrovia
34%
Trynidad i Tobago Port-of-Spain
34%
Kamerun Juande
33%
Togo Lome
33%
Mauretania Nawakszut
33%
Zimbabwe Harare
32%
Zambia Lusaka
32%
Mozambik Maputo
32%
Papua Nowa Gwinea Port Moresby
32%
Republika Zielonego Przylądka Praia
32%
Wyspy Świętego Tomasza i Książęca Sao Tome
32%
Malawi Lilongwe
31%
Lesotho Maseru
31%
Mauritius Port Louis
31%
RŚA Bangi
30%
Komory Moroni
30%
WKS Jamusukro
29%
Saint Lucia Castries
25%
Nauru Yaren
25%
Samoa Apia
24%
Saint Vincent i Grenadyny Kingstown
24%
Saint Kitts i Nevis Basseterre
23%
Wyspy Salomona Honiara
23%
Palau Ngerulmud
22%
Mikronezja Palikir
22%
Vanuatu Port Vila
22%
Wyspy Marshalla Majuro
21%
Tonga Nuku'alofa
21%
Kiribati Bairiki
16%
Pakistan Islambad
16%
Irlandia Bublin
6%
Jordania Anman
5%
Gwinea Bissau Bussau
5%
Tuvalu Valaku
2%
Nie znaleziono quizów pasujących do podanych kryteriów
Rozkład punktacji
Procent ludzi z każdym wynikiem
Percentyl według liczby udzielonych odpowiedzi
Twoja historia wyników
Nie rozwiązałeś tego quizu